| 000 | 00513nam a22001697a 4500 | ||
|---|---|---|---|
| 003 | UA-OsUOA | ||
| 001 | 19614 | ||
| 007 | ta | ||
| 008 | 20040909b un ||||| |||| 00| 0 ukr d | ||
| 942 | _cSA | ||
| 040 |
_aUA-OsUOA _cUA-OsUOA _dUA-OsUOA |
||
| 245 |
_aВін в нашій пам'яті _b[Некролог канд. філолог. наук С.Бабичу] |
||
| 300 | _aС.4 | ||
| 955 | _a0 | ||
| 773 | 0 |
_w0 _tЗа відродження _dРівне _d2004 _g№36/3 верес./ |
|
| 650 | 7 |
_aБабич С. _2UDC |
|
| 999 |
_c305785 _d305785 |
||